| 000 | 00458nam a2200157Ia 4500 | ||
|---|---|---|---|
| 008 | 230312s9999||||xx |||||||||||||| ||und|| | ||
| 020 | _a0029292204 | ||
| 082 |
_a658.4 _bSLO |
||
| 100 | _asloma S. Richard | ||
| 245 | 0 | _aNo - nonsense management | |
| 260 |
_bMacmillan publishing co. _aNew York _c1977 |
||
| 300 | _a157 | ||
| 546 | _aEng. | ||
| 650 |
_aManagement _vFirst be effective, shorter the control cycle , aggressive and consistent review |
||
| 942 | _cBK | ||
| 999 |
_c613 _d613 |
||